[Event "St Petersburg-ch (Women)"]
[Site "St Petersburg"]
[Date "2019.03.19"]
[Round "9"]
[White "Protasova, Anastasia"]
[Black "Shapar, Tatiana"]
[Result "1/2-1/2"]
[WhiteElo "1820"]
[BlackElo "2030"]
[PlyCount "150"]
[EventDate "2019.03.11"]
[EventType "swiss"]
[EventRounds "9"]
[EventCountry "RUS"]
[SourceTitle "CBM 189 Extra"]
[Source "ChessBase"]
[SourceDate "2019.06.03"]
[SourceVersion "1"]
[SourceVersionDate "2019.06.03"]
[SourceQuality "1"]

1. d4 d5 2. c4 c6 3. e3 Nf6 4. Nc3 a6 5. cxd5 cxd5 6. Nf3 Nc6 7. Bd3 g6 8. 0-0 Bg7 9. b3 0-0 10. Bb2 b5 11. Rc1 Qd6 12. a4 b4 13. Ne2 Nd7 14. Qc2 Bb7 15. Nf4 Rac8 16. Qe2 e5 17. dxe5 Ncxe5 18. Nxe5 Nxe5 19. Bd4 Rfe8 20. Qd2 a5 21. Bb5 Rxc1 22. Rxc1 Rc8 23. Rxc8+ Bxc8 24. Qc2 Bf5 25. Qc1 g5 26. Nh5 Ng4 27. Ng3 Be6 28. h3 Bxd4 29. exd4 Qf4 30. Qxf4 gxf4 31. Nh5 Nh6 32. Nxf4 Nf5 33. Ne2 Nd6 34. Bd3 f6 35. f3 Bf7 36. Kf2 Nb7 37. Nf4 Nd8 38. Bf5 h6 39. Bg6 Bxg6 40. Nxg6 Kf7 41. Nf4 Nc6 42. Ke3 Ne7 43. g4 f5 44. Nd3 Kf6 45. Nf4 Kg5 46. Ne6+ Kf6 47. Nc5 Kg5 48. Nd3 Kf6 49. h4 fxg4 50. fxg4 h5 51. g5+ Kg7 52. Nf4 Nf5+ 53. Kd3 Nxh4 54. Nxh5+ Kg6 55. Nf4+ Kxg5 56. Nxd5 Kf5 57. Ne7+ Ke6 58. Nc6 Kd5 59. Ne7+ Kd6 60. Nc8+ Kc6 61. Ke4 Ng6 62. d5+ Kc5 63. d6 Nf8 64. Ke5 Kc6 65. Ne7+ Kd7 66. Ng8 Ng6+ 67. Kd5 Nf4+ 68. Kc5 Ne6+ 69. Kb6 Kxd6 70. Kxa5 Kc5 71. Nf6 Nd4 72. Ne4+ Kd5 73. Kxb4 Kxe4 74. Kc4 Nxb3 75. Kxb3 Kd5 1/2-1/2

[Event "St Petersburg-ch (Women)"]
[Site "St Petersburg"]
[Date "2019.03.14"]
[Round "4"]
[White "Vorobieva, Varvara"]
[Black "Shapar, Tatiana"]
[Result "1-0"]
[WhiteElo "1861"]
[BlackElo "2030"]
[PlyCount "79"]
[EventDate "2019.03.11"]
[EventType "swiss"]
[EventRounds "9"]
[EventCountry "RUS"]
[SourceTitle "CBM 189 Extra"]
[Source "ChessBase"]
[SourceDate "2019.06.03"]
[SourceVersion "1"]
[SourceVersionDate "2019.06.03"]
[SourceQuality "1"]

1. e4 c5 2. Nf3 a6 3. c3 d5 4. exd5 Nf6 5. d4 Nxd5 6. Be2 e6 7. 0-0 Be7 8. Bd3 Nd7 9. a4 b6 10. Na3 Bb7 11. Qe2 0-0 12. Nc2 Qc7 13. Ne5 Nxe5 14. dxe5 f5 15. c4 Nb4 16. Nxb4 cxb4 17. b3 Rad8 18. f4 Qc6 19. Bc2 Bc5+ 20. Kh1 Bd4 21. Rb1 Rd7 22. h3 Rfd8 23. Rd1 Bf2 24. Qxf2 Rxd1+ 25. Kh2 Rxc1 26. Rxc1 Rd4 27. Rd1 Rxd1 28. Bxd1 Qe4 29. Qd2 Qc6 30. Qd8+ Kf7 31. Bh5+ g6 32. Qf6+ Kg8 33. Bf3 Qc8 34. Bxb7 Qxb7 35. Qxe6+ Kg7 36. Qf6+ Kh6 37. Qd6 Qe4 38. e6 Kg7 39. Qc7+ Kh6 40. e7 1-0

[Event "St Petersburg-ch (Women)"]
[Site "St Petersburg"]
[Date "2019.03.12"]
[Round "2"]
[White "Chernyak, Viktoria"]
[Black "Shapar, Tatiana"]
[Result "1/2-1/2"]
[WhiteElo "2230"]
[BlackElo "2030"]
[PlyCount "135"]
[EventDate "2019.03.11"]
[EventType "swiss"]
[EventRounds "9"]
[EventCountry "RUS"]
[SourceTitle "CBM 189 Extra"]
[Source "ChessBase"]
[SourceDate "2019.06.03"]
[SourceVersion "1"]
[SourceVersionDate "2019.06.03"]
[SourceQuality "1"]

1. d4 d5 2. Nf3 c6 3. g3 Bg4 4. Bg2 Nd7 5. 0-0 e6 6. b3 Bd6 7. c4 Ngf6 8. Bb2 0-0 9. Ne5 Bf5 10. Nd2 h6 11. Rc1 Rc8 12. h3 Qc7 13. Ndf3 Ne4 14. a3 a5 15. Nd3 b6 16. Nfe5 Nxe5 17. dxe5 Be7 18. b4 Rfd8 19. Qe1 Bg5 20. f4 Be7 21. g4 Bh7 22. Rf3 Qa7 23. Kh2 c5 24. bxc5 bxc5 25. Rc2 Qa6 26. Qc1 dxc4 27. Ne1 c3 28. Bxc3 Nxc3 29. Rcxc3 Qxe2 30. Rfe3 Qb5 31. Nf3 Rc7 32. Kg3 Rcd7 33. Bf1 Qb7 34. Rb3 Qc6 35. Bb5 Qc7 36. Bxd7 Qxd7 37. Qc4 Qd5 38. Rbc3 Qb7 39. Qa4 Qa7 40. Re1 Bd3 41. Qc6 c4 42. f5 exf5 43. gxf5 Bxf5 44. Qxc4 Be6 45. Qe4 Bd5 46. Qc2 Qa8 47. Rd1 Rb8 48. Rf1 a4 49. Nd4 Qa7 50. Rc8+ Rxc8 51. Qxc8+ Kh7 52. Qc2+ g6 53. Nf3 Bxa3 54. Qd3 Qc5 55. Ra1 Bb2 56. Rxa4 Bxf3 57. Kxf3 Bxe5 58. Qc4 Qxc4 59. Rxc4 g5 60. Ke4 Bf4 61. Kf5 Kg7 62. Rb4 Bd2 63. Rb6 Be3 64. Rc6 Bd2 65. Kg4 Be3 66. Kh5 Bd4 67. Kg4 Be3 68. Kf5 1/2-1/2

[Event "St Petersburg-ch (Women)"]
[Site "St Petersburg"]
[Date "2019.03.11"]
[Round "1"]
[White "Bogdanova, Darya"]
[Black "Shapar, Tatiana"]
[Result "0-1"]
[WhiteElo "1707"]
[BlackElo "2030"]
[PlyCount "58"]
[EventDate "2019.03.11"]
[EventType "swiss"]
[EventRounds "9"]
[EventCountry "RUS"]
[SourceTitle "CBM 189 Extra"]
[Source "ChessBase"]
[SourceDate "2019.06.03"]
[SourceVersion "1"]
[SourceVersionDate "2019.06.03"]
[SourceQuality "1"]

1. Nf3 d5 2. g3 Nf6 3. Bg2 Bf5 4. 0-0 e6 5. d3 Be7 6. Nbd2 h6 7. c4 c6 8. cxd5 exd5 9. b3 0-0 10. Bb2 Nbd7 11. Re1 Bg6 12. e4 dxe4 13. dxe4 Nc5 14. Ne5 Nd3 15. Nxd3 Qxd3 16. Nc4 Qxd1 17. Raxd1 Bb4 18. Re3 Rad8 19. Rf1 Rfe8 20. Ne5 Bh5 21. g4 Bxg4 22. Rg3 Be2 23. Nxc6 Nh5 24. Nxd8 Bxf1 25. Rh3 Bxg2 26. Rxh5 Bxe4 27. Re5 Rxe5 28. Bxe5 Be7 29. Bc7 Kf8 0-1

[Event "Chigorin Memorial 26th"]
[Site "St Petersburg"]
[Date "2018.10.30"]
[Round "4"]
[White "Shapar, Tatiana"]
[Black "Andreev, Konstantin"]
[Result "0-1"]
[WhiteElo "2034"]
[BlackElo "2265"]
[PlyCount "112"]
[EventDate "2018.10.27"]
[EventType "swiss"]
[EventRounds "9"]
[EventCountry "RUS"]
[SourceTitle "CBM 187 Extra"]
[Source "ChessBase"]
[SourceDate "2018.11.04"]
[SourceVersion "1"]
[SourceVersionDate "2018.11.04"]
[SourceQuality "1"]

1. e4 e5 2. Nf3 Nc6 3. Bb5 a6 4. Ba4 Nf6 5. 0-0 Be7 6. Re1 b5 7. Bb3 0-0 8. c3 d6 9. h3 Be6 10. d4 Bxb3 11. axb3 exd4 12. cxd4 d5 13. e5 Ne4 14. Nc3 f5 15. exf6 Nxf6 16. Qe2 Bd6 17. Bg5 Nb4 18. Qe6+ Kh8 19. Ne5 Qe8 20. Qxe8 Nxe8 21. Nd7 Rf5 22. Bd2 Rd8 23. g4 Rf7 24. Ne5 Re7 25. Bg5 Nf6 26. Re2 c5 27. Nf3 Rxe2 28. Nxe2 c4 29. Ne5 Kg8 30. Bd2 Ra8 31. bxc4 dxc4 32. Bxb4 Bxb4 33. Nc3 Bxc3 34. bxc3 Nd5 35. Ra3 g5 36. Kg2 Nf4+ 37. Kg3 Kf8 38. h4 h6 39. hxg5 hxg5 40. Nf3 b4 41. cxb4 c3 42. Ra2 Nd5 43. Rc2 Rc8 44. Nxg5 Nxb4 45. Rc1 Rc4 46. Ne6+ Kf7 47. Nc5 c2 48. Kf4 Na2 49. Rxc2 Rxc2 50. Nxa6 Rxf2+ 51. Ke5 Ke7 52. g5 Nc3 53. Nc5 Rg2 54. Kf5 Kf7 55. Nd3 Rd2 56. g6+ Kg8 0-1

[Event "St Petersburg-ch (Women)"]
[Site "St Petersburg"]
[Date "2018.03.26"]
[Round "8"]
[White "Mamontova, Anastasia"]
[Black "Shapar, Tatiana"]
[Result "1-0"]
[WhiteElo "2058"]
[BlackElo "2031"]
[PlyCount "95"]
[EventDate "2018.03.19"]
[EventType "swiss"]
[EventRounds "9"]
[EventCountry "RUS"]
[SourceTitle "CBM 183 Extra"]
[Source "ChessBase"]
[SourceDate "2018.04.19"]
[SourceVersion "1"]
[SourceVersionDate "2018.04.19"]
[SourceQuality "1"]

1. e4 d5 2. exd5 Nf6 3. Bb5+ Nbd7 4. c4 a6 5. Bxd7+ Bxd7 6. Nf3 e6 7. dxe6 Bxe6 8. b3 Qd3 9. Qe2 0-0-0 10. Qxd3 Rxd3 11. Ke2 Rd8 12. d4 Bb4 13. h3 Rhe8 14. Be3 Bf5 15. a3 Bd6 16. Nc3 Ne4 17. Nxe4 Bxe4 18. Ng5 Bg6 19. h4 Bh5+ 20. Kd3 h6 21. Nh3 Bg6+ 22. Kc3 Re4 23. c5 Bg3 24. h5 Bxh5 25. Ng5 hxg5 26. Rxh5 f6 27. Kd3 Rde8 28. Rh7 Bf4 29. Re1 R4e7 30. g3 Bxe3 31. Rxe3 Rxe3+ 32. fxe3 Re7 33. e4 Kd7 34. d5 a5 35. Kd4 Rf7 36. Rh8 g6 37. Rb8 Rh7 38. Rxb7 Kc8 39. Ra7 Rh3 40. Rxa5 Rxg3 41. b4 Rg4 42. c6 Kb8 43. d6 cxd6 44. Kd5 Rg3 45. Kxd6 Rd3+ 46. Rd5 Rxa3 47. Kd7 Ra7+ 48. Kd8 1-0

[Event "St Petersburg-ch (Women)"]
[Site "St Petersburg"]
[Date "2018.03.24"]
[Round "6"]
[White "Vorobyova, Ekaterina"]
[Black "Shapar, Tatiana"]
[Result "0-1"]
[WhiteElo "1713"]
[BlackElo "2031"]
[PlyCount "78"]
[EventDate "2018.03.19"]
[EventType "swiss"]
[EventRounds "9"]
[EventCountry "RUS"]
[SourceTitle "CBM 183 Extra"]
[Source "ChessBase"]
[SourceDate "2018.04.19"]
[SourceVersion "1"]
[SourceVersionDate "2018.04.19"]
[SourceQuality "1"]

1. d4 d5 2. c4 e6 3. Nf3 Nf6 4. Bg5 c6 5. Nc3 Be7 6. e3 Nbd7 7. cxd5 exd5 8. Bd3 0-0 9. 0-0 Re8 10. Qc2 h6 11. Bh4 Ne4 12. Bxe7 Qxe7 13. Nd2 Ndf6 14. Rae1 Bf5 15. f3 Nxd2 16. Qxd2 Bxd3 17. Qxd3 Rad8 18. Kh1 Qd6 19. Ne2 Re6 20. Nf4 Re7 21. Qd2 Rde8 22. a3 Nd7 23. Nd3 Qg6 24. Rf2 Nb6 25. Ne5 Qg5 26. b3 f6 27. f4 Qf5 28. g4 Qe4+ 29. Nf3 Nc8 30. h3 Nd6 31. f5 h5 32. Qc2 Qxc2 33. Rxc2 Rxe3 34. Rxe3 Rxe3 35. Kg2 hxg4 36. hxg4 Rxb3 37. Re2 Ne4 38. Ra2 Nc3 39. Ra1 Rb1 0-1

[Event "St Petersburg-ch (Women)"]
[Site "St Petersburg"]
[Date "2018.03.19"]
[Round "1"]
[White "Shapar, Tatiana"]
[Black "Ageeva, Vasilisa"]
[Result "1-0"]
[WhiteElo "2031"]
[BlackElo "1645"]
[PlyCount "67"]
[EventDate "2018.03.19"]
[EventType "swiss"]
[EventRounds "9"]
[EventCountry "RUS"]
[SourceTitle "CBM 183 Extra"]
[Source "ChessBase"]
[SourceDate "2018.04.19"]
[SourceVersion "1"]
[SourceVersionDate "2018.04.19"]
[SourceQuality "1"]

1. e4 c5 2. Nf3 e6 3. c3 Nc6 4. d4 cxd4 5. cxd4 Nf6 6. Nc3 Bb4 7. Bd3 0-0 8. 0-0 h6 9. e5 Ne8 10. d5 Bxc3 11. bxc3 exd5 12. Bc2 Ne7 13. Qd3 f5 14. Ba3 d6 15. Bb3 dxe5 16. Nxe5 Rf6 17. c4 Ra6 18. cxd5 Nd6 19. Nc4 Nf7 20. Bxe7 Qxe7 21. d6 Qe8 22. Rfe1 Be6 23. Qe3 Nd8 24. Rad1 Kh8 25. Nb2 Qb5 26. Bxe6 Qxb2 27. Bc4 Nc6 28. Bxa6 bxa6 29. d7 Rg8 30. Qe6 Nd8 31. Qxg8+ Kxg8 32. Re8+ Kh7 33. Rxd8 g6 34. Rc8 1-0

[Event "Chigorin Memorial 23rd"]
[Site "St Petersburg"]
[Date "2015.10.09"]
[Round "7"]
[White "Shapar, Tatiana"]
[Black "Rivonenko, Vladislav"]
[Result "1-0"]
[WhiteElo "1804"]
[BlackElo "2090"]
[PlyCount "119"]
[EventDate "2015.10.03"]
[EventType "swiss"]
[EventRounds "9"]
[EventCountry "RUS"]
[SourceTitle "CBM 168 Extra"]
[Source "ChessBase"]
[SourceDate "2015.10.29"]
[SourceVersion "1"]
[SourceVersionDate "2015.10.29"]
[SourceQuality "1"]

1. e4 e6 2. d4 d5 3. exd5 exd5 4. Nf3 c6 5. Bd3 Bd6 6. 0-0 Ne7 7. Re1 0-0 8. c3 Nd7 9. Bg5 Re8 10. Qc2 Nf8 11. Nbd2 f6 12. Bh4 Bg4 13. Bg3 Qd7 14. Nh4 Rad8 15. Re3 g5 16. Bxd6 Qxd6 17. Nf5 Nxf5 18. Bxf5 Qf4 19. Bxg4 Rxe3 20. fxe3 Qxg4 21. Rf1 Qe2 22. Rxf6 Qxe3+ 23. Kf1 Re8 24. Nf3 Re7 25. Ne5 Nd7 26. Rf3 Qe4 27. Qxe4 dxe4 28. Rf5 Nxe5 29. dxe5 Rf7 30. g4 h6 31. Ke2 Rd7 32. Ke3 Kg7 33. Rf2 Kg6 34. Kxe4 Rd1 35. Ke3 Re1+ 36. Re2 Rg1 37. e6 Rd1 38. Kf3 Rf1+ 39. Kg3 Rf8 40. e7 Re8 41. Kf3 Kf6 42. Re4 Rxe7 43. Rxe7 Kxe7 44. Ke4 Ke6 45. c4 a5 46. a4 Kf6 47. Kd4 b6 48. c5 bxc5+ 49. Kxc5 Ke5 50. Kxc6 Kf4 51. Kb5 Kxg4 52. Kxa5 Kh3 53. b4 Kxh2 54. b5 g4 55. b6 g3 56. b7 g2 57. b8Q+ Kh1 58. Qb7 Kg1 59. Qb6+ Kf1 60. Qf6+ 1-0

[Event "Chigorin Memorial 23rd"]
[Site "St Petersburg"]
[Date "2015.10.06"]
[Round "4"]
[White "Kunin, Pavel"]
[Black "Shapar, Tatiana"]
[Result "1-0"]
[WhiteElo "1957"]
[BlackElo "1804"]
[PlyCount "63"]
[EventDate "2015.10.03"]
[EventType "swiss"]
[EventRounds "9"]
[EventCountry "RUS"]
[SourceTitle "CBM 168 Extra"]
[Source "ChessBase"]
[SourceDate "2015.10.29"]
[SourceVersion "1"]
[SourceVersionDate "2015.10.29"]
[SourceQuality "1"]

1. b3 e5 2. Bb2 Nc6 3. g3 d5 4. Bg2 f5 5. e3 Nf6 6. Ne2 Be6 7. d3 Be7 8. Nd2 0-0 9. a3 a5 10. 0-0 Qe8 11. c4 Rd8 12. Qc2 Qh5 13. Nf3 dxc4 14. bxc4 f4 15. exf4 Bf5 16. Rad1 Bg4 17. fxe5 Ne8 18. Nfd4 Nxd4 19. Nxd4 Bxd1 20. Qxd1 Qxe5 21. Qa1 Qd6 22. Bd5+ Kh8 23. Ne6 c6 24. Bxg7+ Kg8 25. Nxd8+ cxd5 26. Bxf8 Bxf8 27. Nxb7 Qc7 28. Qb2 dxc4 29. dxc4 Ng7 30. c5 Ne6 31. Qb3 Qf7 32. c6 1-0

[Event "Chigorin Memorial 23rd"]
[Site "St Petersburg"]
[Date "2015.10.04"]
[Round "2"]
[White "Lysenko, Margarita"]
[Black "Shapar, Tatiana"]
[Result "1-0"]
[WhiteElo "2059"]
[BlackElo "1804"]
[PlyCount "69"]
[EventDate "2015.10.03"]
[EventType "swiss"]
[EventRounds "9"]
[EventCountry "RUS"]
[SourceTitle "CBM 168 Extra"]
[Source "ChessBase"]
[SourceDate "2015.10.29"]
[SourceVersion "1"]
[SourceVersionDate "2015.10.29"]
[SourceQuality "1"]

1. d4 d5 2. c4 Nc6 3. Nc3 dxc4 4. d5 Ne5 5. f4 Ng4 6. e4 e5 7. f5 h5 8. Nf3 Bc5 9. Bxc4 Nf2 10. Qb3 Qe7 11. Rf1 Ng4 12. Bb5+ Kf8 13. Bg5 N8f6 14. Ke2 a6 15. Bd3 Qd6 16. h3 Nh6 17. Na4 Ba7 18. Bd2 c5 19. dxc6 bxc6 20. Qc4 Rb8 21. Rac1 Bd7 22. Bc3 Rb5 23. a3 a5 24. b4 Bd4 25. Nxd4 exd4 26. Qxd4 Qxd4 27. Bxd4 Rb8 28. Nc5 Ke7 29. bxa5 Rhd8 30. Rb1 Rxb1 31. Rxb1 Bc8 32. Be3 Nd7 33. Nxd7 Bxd7 34. a6 Kd6 35. a7 1-0

[Event "RUS-chT U18"]
[Site "St Petersburg"]
[Date "2015.08.03"]
[Round "3.52"]
[White "Shapar, Tatiana"]
[Black "Obolentseva, Alexandra"]
[Result "0-1"]
[WhiteElo "1832"]
[BlackElo "2113"]
[PlyCount "88"]
[EventDate "2015.08.01"]
[EventType "team-swiss"]
[EventRounds "9"]
[EventCountry "RUS"]
[SourceTitle "CBM 167 Extra"]
[Source "ChessBase"]
[SourceDate "2015.09.14"]
[SourceVersion "1"]
[SourceVersionDate "2015.09.14"]
[SourceQuality "1"]
[WhiteTeam "SPbRDOO Peter Rook II"]
[BlackTeam "Moscow Palace Youth II"]
[WhiteTeamCountry "RUS"]
[BlackTeamCountry "RUS"]

1. e4 c5 2. Nf3 d6 3. d4 cxd4 4. Nxd4 Nf6 5. Nc3 a6 6. Bc4 e6 7. Bb3 Nbd7 8. f4 Nc5 9. Qf3 b5 10. f5 b4 11. fxe6 Nxb3 12. Nxb3 bxc3 13. e5 Bxe6 14. exf6 Rc8 15. bxc3 Qxf6 16. Qxf6 gxf6 17. 0-0 Rxc3 18. Nd4 Be7 19. Bb2 Rc4 20. Rae1 Kd7 21. Nxe6 fxe6 22. Bxf6 Rf8 23. Bxe7 Rxf1+ 24. Rxf1 Kxe7 25. Rf2 e5 26. Kf1 Rh4 27. g3 Ra4 28. c3 Rc4 29. Rc2 d5 30. Ke2 Kd6 31. Kd2 Kc5 32. Rb2 Ra4 33. Kd3 h5 34. h3 h4 35. g4 Rf4 36. Re2 e4+ 37. Kd2 Rf3 38. Re3 Rf1 39. Re1 Rf3 40. Re3 Rf8 41. Re2 Kc4 42. g5 Rf3 43. Re3 Rf5 44. Re2 Rxg5 0-1

[Event "Chigorin Memorial 22nd"]
[Site "St Petersburg"]
[Date "2014.10.19"]
[Round "2"]
[White "Shapar, Tatiana"]
[Black "Pimenov, Valeri"]
[Result "0-1"]
[WhiteElo "1877"]
[BlackElo "2118"]
[PlyCount "130"]
[EventDate "2014.10.18"]
[EventType "swiss"]
[EventRounds "9"]
[EventCountry "RUS"]
[SourceTitle "EXT 2015"]
[Source "ChessBase"]
[SourceDate "2014.11.20"]
[SourceVersion "1"]
[SourceVersionDate "2014.11.20"]
[SourceQuality "1"]

1. e4 e5 2. Nf3 Nc6 3. Bb5 a6 4. Ba4 d6 5. c3 Nf6 6. Qe2 Be7 7. h3 0-0 8. d4 b5 9. Bb3 Rb8 10. Nbd2 h6 11. Nf1 Re8 12. dxe5 dxe5 13. g4 Qd6 14. Ng3 Na5 15. Bc2 c5 16. Nf5 Bxf5 17. gxf5 c4 18. 0-0 Bf8 19. Kh1 Nb7 20. Rg1 Kh7 21. b4 Qc6 22. Nh2 Nd6 23. f3 Ra8 24. Qg2 Re7 25. Be3 a5 26. Bc5 axb4 27. Bxb4 Nh5 28. Qg4 Nf6 29. Qg3 Nh5 30. Qh4 Nf4 31. Ng4 Nxf5 32. exf5 Qxf3+ 33. Kh2 Rd7 34. f6+ e4 35. Nf2 Rd2 36. Bxe4+ Qxe4 37. Bxf8 Kg8 38. Bxg7 Qe5 39. Bxh6+ Ng6+ 40. Qg3 Rxf2+ 41. Rg2 Rxg2+ 42. Kxg2 Qxf6 43. Bg5 Qf5 44. Qe3 f6 45. Bh6 Nh4+ 46. Kg3 Qh5 47. Qe6+ Kh7 48. Qe4+ Nf5+ 49. Kf4 Qxh6+ 50. Kxf5 Rg8 51. Qe7+ Rg7 52. Qxf6 Qxh3+ 53. Ke4 Rg4+ 54. Ke5 Qxc3+ 55. Ke6 Qe3+ 56. Kd5 Rg5+ 57. Kc6 Rg6 58. Rh1+ Qh6 59. Rxh6+ Kxh6 60. Kxb5 Rxf6 61. Kxc4 Rf5 62. a4 Kg6 63. Kb4 Kf6 64. a5 Ke6 65. a6 Kd6 0-1

[Event "Wch U16 Girls"]
[Site "Durban"]
[Date "2014.09.26"]
[Round "8"]
[White "Jain, Shaileja"]
[Black "Shapar, Tatiana"]
[Result "0-1"]
[WhiteElo "1736"]
[BlackElo "1877"]
[PlyCount "51"]
[EventDate "2014.09.20"]
[EventType "swiss"]
[EventRounds "11"]
[EventCountry "RSA"]
[SourceTitle "CBM 162 Extra"]
[Source "ChessBase"]
[SourceDate "2014.10.17"]
[SourceVersion "1"]
[SourceVersionDate "2014.10.17"]
[SourceQuality "1"]

1. e4 g6 2. d4 Bg7 3. f4 d6 4. Nf3 Nf6 5. Bd3 0-0 6. 0-0 Nbd7 7. h3 e5 8. fxe5 dxe5 9. c3 Re8 10. Bc4 Nb6 11. Bxf7+ Kxf7 12. Qb3+ Nfd5 13. exd5 Qxd5 14. Nxe5+ Kg8 15. Bf4 Be6 16. Nd2 c5 17. Qxd5 Nxd5 18. Bh2 cxd4 19. cxd4 Nb4 20. Ne4 Nc2 21. Rad1 Ne3 22. Rc1 Nxf1 23. Kxf1 Rac8 24. Nc3 b5 25. Rd1 b4 26. Ne4 0-1

[Event "Wch U16 Girls"]
[Site "Durban"]
[Date "2014.09.23"]
[Round "6"]
[White "Marx, Inge"]
[Black "Shapar, Tatiana"]
[Result "1/2-1/2"]
[WhiteElo "1488"]
[BlackElo "1877"]
[PlyCount "61"]
[EventDate "2014.09.20"]
[EventType "swiss"]
[EventRounds "11"]
[EventCountry "RSA"]
[SourceTitle "CBM 162 Extra"]
[Source "ChessBase"]
[SourceDate "2014.10.17"]
[SourceVersion "1"]
[SourceVersionDate "2014.10.17"]
[SourceQuality "1"]

1. e4 e5 2. Nf3 Nc6 3. Bc4 Nf6 4. d3 Be7 5. c3 d6 6. Bb3 0-0 7. Nbd2 Na5 8. Bc2 c5 9. Nf1 b5 10. Ng3 Qc7 11. 0-0 Rd8 12. Qe2 b4 13. Nh4 Nxe4 14. Qxe4 d5 15. Qe1 Bxh4 16. cxb4 cxb4 17. Qxb4 Qxc2 18. Qxh4 Ba6 19. Bg5 f6 20. Bxf6 gxf6 21. Qxf6 Qc6 22. Qxe5 Bxd3 23. Rfe1 Nc4 24. Qd4 Bg6 25. Re7 Bf7 26. Nh5 Qg6 27. Nf6+ Kg7 28. Nd7+ Kg8 29. Nf6+ Kg7 30. Nd7+ Kg8 31. Nf6+ 1/2-1/2

[Event "Wch U16 Girls"]
[Site "Durban"]
[Date "2014.09.21"]
[Round "2"]
[White "Monnisha, GK."]
[Black "Shapar, Tatiana"]
[Result "1-0"]
[WhiteElo "2078"]
[BlackElo "1877"]
[PlyCount "55"]
[EventDate "2014.09.20"]
[EventType "swiss"]
[EventRounds "11"]
[EventCountry "RSA"]
[SourceTitle "CBM 162 Extra"]
[Source "ChessBase"]
[SourceDate "2014.10.17"]
[SourceVersion "1"]
[SourceVersionDate "2014.10.17"]
[SourceQuality "1"]

1. e4 d5 2. exd5 Nf6 3. d4 Bg4 4. Be2 Bxe2 5. Qxe2 Qxd5 6. Nf3 Nc6 7. c4 Qf5 8. 0-0 0-0-0 9. d5 Nb4 10. Na3 Nd3 11. Be3 e5 12. Rad1 Nf4 13. Bxf4 exf4 14. Nb5 Bc5 15. b4 Bxb4 16. Nxa7+ Kb8 17. Nd4 f3 18. Qb2 Qg4 19. Nxf3 Qxc4 20. Nc6+ bxc6 21. Rd4 Qxf1+ 22. Kxf1 c5 23. Rd3 Kc8 24. a3 Ba5 25. Qb5 Bb6 26. Ne5 Rdf8 27. Qa6+ Kd8 28. d6 1-0

[Event "Golubitskaya op"]
[Site "Golubitskaya"]
[Date "2014.06.29"]
[Round "8"]
[White "Shapar, Tatiana"]
[Black "Kiriushin, Vladimir"]
[Result "1-0"]
[WhiteElo "1808"]
[BlackElo "2102"]
[PlyCount "103"]
[EventDate "2014.06.21"]
[EventType "swiss"]
[EventRounds "9"]
[EventCountry "RUS"]
[SourceTitle "EXT 2015"]
[Source "ChessBase"]
[SourceDate "2014.11.20"]
[SourceVersion "1"]
[SourceVersionDate "2014.11.20"]
[SourceQuality "1"]

1. e4 e5 2. Nf3 Nc6 3. Bb5 a6 4. Ba4 Nf6 5. Qe2 Bc5 6. c3 b5 7. Bb3 d6 8. d3 Be6 9. Bc2 h6 10. Nbd2 0-0 11. Nf1 Ng4 12. Be3 Nxe3 13. fxe3 Bb6 14. Ng3 b4 15. Ba4 Ne7 16. d4 bxc3 17. bxc3 exd4 18. exd4 d5 19. e5 c5 20. 0-0 Bg4 21. Qd3 cxd4 22. cxd4 Rc8 23. Rac1 Rc4 24. Bb3 Rxc1 25. Rxc1 a5 26. Ne2 Bf5 27. Qd2 Qd7 28. Nc3 Rc8 29. Na4 Rxc1+ 30. Qxc1 Qb5 31. Nxb6 Qxb6 32. Qc5 Qxc5 33. dxc5 Bd7 34. Nd4 Kf8 35. Kf2 Ke8 36. Ke3 Kd8 37. h3 Kc7 38. a3 a4 39. Bd1 Kb7 40. Be2 Ng6 41. Bf3 Be6 42. Nxe6 fxe6 43. Kd4 Ne7 44. Bg4 Nc6+ 45. Kc3 Nxe5 46. Bxe6 Kc6 47. Kd4 Ng6 48. Bxd5+ Kc7 49. Kc4 Ne5+ 50. Kb5 Nd3 51. Be4 Nb2 52. Bc2 1-0

[Event "Golubitskaya op"]
[Site "Golubitskaya"]
[Date "2014.06.27"]
[Round "7"]
[White "Belyaev, Vladimir"]
[Black "Shapar, Tatiana"]
[Result "1/2-1/2"]
[WhiteElo "2191"]
[BlackElo "1808"]
[PlyCount "62"]
[EventDate "2014.06.21"]
[EventType "swiss"]
[EventRounds "9"]
[EventCountry "RUS"]
[SourceTitle "EXT 2015"]
[Source "ChessBase"]
[SourceDate "2014.11.20"]
[SourceVersion "1"]
[SourceVersionDate "2014.11.20"]
[SourceQuality "1"]

1. Nf3 d5 2. g3 c5 3. Bg2 Nc6 4. d4 Bf5 5. c4 e6 6. 0-0 Be7 7. Nc3 Nf6 8. cxd5 exd5 9. Bg5 c4 10. Ne5 0-0 11. Bxf6 Bxf6 12. Bxd5 Nxe5 13. dxe5 Bxe5 14. Bxc4 Bxc3 15. bxc3 Qxd1 16. Rfxd1 Rac8 17. Bd5 b5 18. e4 Bg4 19. Rd3 Rc5 20. f3 Be6 21. a4 a6 22. axb5 axb5 23. Kf2 Rfc8 24. Ra8 Rxa8 25. Bxa8 Kf8 26. Ke3 Ke7 27. f4 Bc4 28. Rd4 Rc8 29. Bb7 Rc7 30. Ba6 Rc6 31. Bb7 Rc7 1/2-1/2

[Event "Golubitskaya op"]
[Site "Golubitskaya"]
[Date "2014.06.26"]
[Round "6"]
[White "Shapar, Tatiana"]
[Black "Zaitsev, Vladimir"]
[Result "1-0"]
[WhiteElo "1808"]
[BlackElo "2433"]
[PlyCount "47"]
[EventDate "2014.06.21"]
[EventType "swiss"]
[EventRounds "9"]
[EventCountry "RUS"]
[SourceTitle "EXT 2015"]
[Source "ChessBase"]
[SourceDate "2014.11.20"]
[SourceVersion "1"]
[SourceVersionDate "2014.11.20"]
[SourceQuality "1"]

1. e4 e6 2. Nf3 d5 3. Nc3 Nf6 4. exd5 exd5 5. d4 Bb4 6. Bd3 Qe7+ 7. Qe2 Qxe2+ 8. Kxe2 c6 9. Re1 0-0 10. Kf1 Bg4 11. Ne5 Bh5 12. Bf5 Bg6 13. Nxg6 hxg6 14. Bd3 Nbd7 15. Bf4 Rfe8 16. a3 Ba5 17. Re2 Bb6 18. Rxe8+ Rxe8 19. Ne2 Nf8 20. f3 Ne6 21. Be3 Bc7 22. Kf2 Bxh2 23. g3 Nh5 24. Rh1 1-0

[Event "Golubitskaya op"]
[Site "Golubitskaya"]
[Date "2014.06.23"]
[Round "3"]
[White "Pshmahov, Osman"]
[Black "Shapar, Tatiana"]
[Result "0-1"]
[WhiteElo "1838"]
[BlackElo "1808"]
[PlyCount "48"]
[EventDate "2014.06.21"]
[EventType "swiss"]
[EventRounds "9"]
[EventCountry "RUS"]
[SourceTitle "EXT 2015"]
[Source "ChessBase"]
[SourceDate "2014.11.20"]
[SourceVersion "1"]
[SourceVersionDate "2014.11.20"]
[SourceQuality "1"]

1. e4 d5 2. exd5 Nf6 3. c4 e6 4. dxe6 Bxe6 5. Nc3 Bc5 6. Nf3 Qe7 7. Qe2 Nc6 8. d3 0-0-0 9. Bd2 Nb4 10. Nd5 Bxd5 11. Qxe7 Bxe7 12. cxd5 Nc2+ 13. Kd1 Nxa1 14. Kc1 Rxd5 15. Kb1 Ng4 16. Be1 Bc5 17. Kxa1 Bxf2 18. Bc3 f6 19. Be2 Re8 20. Bd1 Rxd3 21. Bc2 Rd5 22. Bxh7 Ne3 23. Nd2 Red8 24. Be4 Rxd2 0-1